Statystyki dla Dzielnice i osiedla polskich miast

Kliknij tutaj aby rozwiązać quiz!

Ogólne statystyki

  • Ten quiz został rozwiązany 529 razy
  • Średni wynik to 7 z 15

Statystyki odpowiedzi

ZagadnienieOdpowiedź% Poprawnych
Ołbin to największe osiedle w GdańskuFałsz
78%
Dzielnicą Krakowa nie sąBałuty
71%
Żydowską częścią Krakowa jestKazimierz
64%
Piątkowo to jedno z największych osiedli w PoznaniuPrawda
64%
Która dzielnica położona jest na prawym brzegu WisłyTargówek
56%
Chylonia to najludniejsza dzielnicaGdynii
52%
Dzielnicą Katowic jestGiszowiec
52%
Łódzkim osiedlem nie jestKurdwanów
52%
Dzielnicą Zabrza nie sąSzopienice
37%
Wirek to dzielnicaRudy Śląskiej
36%
Rury todzielnica Lublina
34%
Najwiekszą dzielnicą Warszawy pod względem powierzchni jestWawer
30%
Osiedle Kopernika nie występuje wKrakowie
23%
Częścią urzędową Torunia nie jestRokicie
22%
Która dzielnica do 1990 nie wchodziła w skład Nowej HutySwoszowice
20%

Rozkład punktacji

Percentyl według liczby udzielonych odpowiedzi

Procent ludzi z każdym wynikiem

Twoja historia wyników

Nie rozwiązałeś tego quizu